000 00938nam a2200205Ii 4500
003 JO-AjNU
008 230605s9999||||xx |||||||||||||| ||und||
040 _aJO-AjNU
_bara
_erda
_cJO-AjNU
041 _aara
050 1 4 _aPJ6021 1994
100 3 _aمجمع اللغة العربية الأردني، عمان - الأردن,
_eauthor
_956726
245 0 0 _aالموسم الثقافي الثاني عشر لمجمع اللغة العربية الأردني السبت 21 شوال 1414- السبت 26 ذو القعدة 1414هجري ، السبت 2 نيسان 1994- السبت 7 أيار 1994 عمان: مجمع اللغة العربية الأردني
250 _aط1
264 3 1 _aعمان: مجمع اللغة العربية، 1994
300 _a199ص
336 _atext
_btxt
_2rdacontent
337 _aunmediated
_bn
_2rdamedia
338 _avolume
_bnc
_2rdacarrier
650 4 _aاللغة العربية - مؤتمرات
_956727
999 _aA25379
_c28947
_d28947